Science for better living
Сохранить в:
| Формат: | Sách giấy |
|---|---|
| Язык: | Vietnamese |
| Опубликовано: |
D.C. :
U.S. Government Printing,
1968
|
| Метки: |
Добавить метку
Нет меток, Требуется 1-ая метка записи!
|
| Thư viện lưu trữ: | Thư viện Trường Đại học Đà Lạt |
|---|
| LEADER | 00636nam a2200265 4500 | ||
|---|---|---|---|
| 001 | DLU030025329 | ||
| 005 | ##20021230 | ||
| 008 | ##021230t vn z000 vie d | ||
| 040 | # | # | |a DLU |b vie |
| 041 | # | # | |a vie |
| 044 | # | # | |a vn |
| 082 | # | # | |a 500.2 |b Sci |
| 243 | # | # | |a The yearbook of Agriculture |f 1968 |
| 245 | # | # | |a Science for better living |
| 260 | # | # | |a D.C. : |b U.S. Government Printing, |c 1968 |
| 300 | # | # | |a 386 tr. ; |c 24 cm |
| 992 | # | # | |a 7720 |
| 994 | # | # | |a DLU |
| 900 | # | # | |a True |
| 911 | # | # | |a Thái Thị Thanh Thủy |
| 925 | # | # | |a G |
| 926 | # | # | |a A |
| 927 | # | # | |a SH |
| 980 | # | # | |a Thư viện Trường Đại học Đà Lạt |